Statistiken für Die Torschützenkönige der LaLiga seit 2000

Klicken Sie hier um das Quiz zu spielen!

Allgemein

  • Dieses Quiz wurde 169 mal gespielt
  • Das Durchschnittsergebnis liegt bei 18 aus 23

Antwortstatistiken

JahrVereinToreSpieler% Korrekt
2010/2011Real Madrid41Cristiano Ronaldo
100%
2013/2014Real Madrid31Cristiano Ronaldo
100%
2014/2015Real Madrid48Cristiano Ronaldo
100%
2003/2004Real Madrid24Ronaldo
100%
2011/2012FC Barcelona50Lionel Messi
99%
2020/2021FC Barcelona30Lionel Messi
99%
2019/2020FC Barcelona25Lionel Messi
99%
2018/2019FC Barcelona36Lionel Messi
99%
2017/2018FC Barcelona34Lionel Messi
99%
2016/2017FC Barcelona37Lionel Messi
99%
2009/2010FC Barcelona34Lionel Messi
99%
2012/2013FC Barcelona46Lionel Messi
99%
2021/2022Real Madrid27Karim Benzema
97%
2022/2023FC Barcelona23Robert Lewandowski
96%
2015/2016FC Barcelona40Luis Suárez
94%
2000/2001Real Madrid24Raúl
65%
2005/2006FC Barcelona27Samuel Eto'o
58%
2008/2009Atlético Madrid32Diego Forlán
47%
2004/2005Villarreal CF25Diego Forlán
47%
2006/2007Real Madrid25Ruud van Nistelrooy
32%
2002/2003Deportivo La Coruña29Roy Makaay
30%
2007/2008RCD Mallorca27Güiza
8%
2001/2002Deportivo La Coruña20Tristán
6%

Verteilung der Resultate

Perzentil nach korrekt beantworteten Fragen

Anzahl Personen mit jedem Resultat

Ihre Resultats-Entwicklung

Sie haben dieses Quiz noch nicht gespielt